| 000 | 02715cam a2200349 i 4500 | ||
|---|---|---|---|
| 001 | 991107337503406196 | ||
| 005 | 20250828104920.0 | ||
| 008 | 231205t20242024fr 001 0 fre | ||
| 010 | _a 2023485307 | ||
| 020 |
_a9782226487162 _q(other) |
||
| 020 | _a2226487166 | ||
| 029 | 1 |
_aAU@ _b000076665395 |
|
| 035 |
_a(OCoLC)1435485773 _z(OCoLC)1419440778 |
||
| 035 | _a(OCoLC)on1435485773 | ||
| 040 |
_aDLC _beng _erda _cDLC _dOCLCO _dAUXAM _dTOH _dC3L _dHUL _dMCCPP _dIG# _dCUS _dOCLCO |
||
| 041 | _aFrench | ||
| 042 | _apcc | ||
| 050 | 0 | 0 |
_aPQ2719.C438 _bY34 2024 |
| 100 |
_aSchlesser, Thomas, _eauthor. _1https://id.oclc.org/worldcat/entity/E39PBJtH3MJHvBDdvw93VCcpT3 _925835 |
||
| 245 | 1 | 4 |
_aLes yeux de Mona _b: roman _c/ Thomas Schlesser. |
| 264 | 1 |
_aParis : _bAlbin Michel, _c[2024] |
|
| 300 |
_a484 pages ; _c23 cm |
||
| 520 | _aCinquante-deux semaines: c'est le temps qu'il reste à Mona pour découvrir toute la beauté du monde. C'est le temps que s'est donné son grand-père, un homme érudit et fantasque, pour l'initier, chaque mercredi après l'école, à une úuvre d'art, avant qu'elle ne perde, peut-être pour toujours, l'usage de ses yeux. Ensemble, ils vont sillonner le Louvre, Orsay et Beaubourg. Ensemble, ils vont s'émerveiller, s'émouvoir, s'interroger, happés par le spectacle d'un tableau ou d'une sculpture. Empruntant les regards de Botticelli, Vermeer, Goya, Courbet, Claudel, Kahlo ou Basquiat, Mona découvre le pouvoir de l'art et apprend le don, le doute, la mélancolie ou la révolte, un précieux trésor que son grand-père souhaite inscrire en elle à jamais. Retrouvez les 52 chefs-d'úuvre à l'intérieur de la jaquette dépliable. | ||
| 520 | _aFifty-two weeks: that is the time Mona has left to discover all the beauty of the world. It is the time her grandfather—an erudite and whimsical man—has set himself to introduce her, every Wednesday after school, to a masterpiece of art, before she may lose, perhaps forever, the use of her eyes. Together, they wander through the Louvre, the Musée d’Orsay and the Centre Pompidou. Together, they marvel, feel moved, and question, swept away by the spectacle of a painting or a sculpture. Through the eyes of Botticelli, Vermeer, Goya, Courbet, Claudel, Kahlo or Basquiat, Mona discovers the power of art and learns of generosity, doubt, melancholy and rebellion—a precious treasure her grandfather longs to leave within her for ever. | ||
| 546 | _aIn French. | ||
| 650 | 0 |
_a Art _xAppreciation _vFiction. |
|
| 650 | 0 |
_aMuseums _vFiction. |
|
| 650 | 0 |
_aChildren with visual disabilities _vFiction. |
|
| 650 | 0 |
_aGrandparent and child _vFiction. |
|
| 651 | 0 |
_aParis (France) _vFiction. |
|
| 942 | _2lcc | ||
| 999 |
_c4899 _d4899 |
||